Tying And Fishing Outstanding Flies (Record no. 4545)

MARC details
000 -LEADER
fixed length control field 00446nam a2200157Ia 4500
008 - FIXED-LENGTH DATA ELEMENTS--GENERAL INFORMATION
fixed length control field 230312s9999||||xx |||||||||||||| ||und||
020 ## - INTERNATIONAL STANDARD BOOK NUMBER
International Standard Book Number 0-07-145218-4
082 ## - DEWEY DECIMAL CLASSIFICATION NUMBER
Classification number 688.79124
Item number STE-T
100 ## - MAIN ENTRY--PERSONAL NAME
Personal name Doug Stewart
245 #0 - TITLE STATEMENT
Title Tying And Fishing Outstanding Flies
260 ## - PUBLICATION, DISTRIBUTION, ETC.
Name of publisher, distributor, etc. The McGraw-Hill
Place of publication, distribution, etc. London
Date of publication, distribution, etc. 2006
300 ## - PHYSICAL DESCRIPTION
Extent 152
546 ## - LANGUAGE NOTE
Language note Eng.
650 ## - SUBJECT ADDED ENTRY--TOPICAL TERM
Topical term or geographic name entry element Management
Form subdivision tying trout flies, flies,fish and fables,tricks of the trade
942 ## - ADDED ENTRY ELEMENTS (KOHA)
Koha item type BOOK
Holdings
Withdrawn status Lost status Source of classification or shelving scheme Damaged status Not for loan Home library Current library Date acquired Total Checkouts Full call number Barcode Date last seen Price effective from Koha item type
    Dewey Decimal Classification     Superior Information Resource Center (SIRC) Superior University - City Campus Superior Information Resource Center (SIRC) Superior University - City Campus 03/13/2023   688.79124 STE-T 4570 03/13/2023 03/13/2023 BOOK

Powered by Koha